00585nam a22002057a 450000500170000001000130001702000220003003500130005203700160006504000120008108200150009310000160010824500660012426000400019027000620023030000250029265000280031765000150034570000190036020170124105946.0 aA-481258 c00.00a0863112838 aA-481258 bCen Lib/Ret aDPLbEN a230.1bLAK aLakshmi Lal aThe ramayanacby Lakshmi Lal ; illustrations by Badri Narayan aNew Delhi bOriental Longman c1992 bNew Delhi aA-102/1 Okhla Industrial Area Phase 2e110020 avii, 179p.c20cm(Hb) aHinduismxSacred books  aRamayanas  aNarayan, Badri